UBT Library

Community based tourism : (Record no. 282)

000 -LEADER
fixed length control field 00542nam a22001817a 4500
008 - FIXED-LENGTH DATA ELEMENTS--GENERAL INFORMATION
fixed length control field 131112b xxu||||| |||| 00| 0 eng d
020 ## - INTERNATIONAL STANDARD BOOK NUMBER
International Standard Book Number 9789616720045
041 0# - LANGUAGE CODE
Language code of text/sound track or separate title eng
080 ## - UNIVERSAL DECIMAL CLASSIFICATION NUMBER
Universal Decimal Classification number 338.48
Common auxiliary subdivision (496.5)(091)
100 1# - Rafti
Rafti Gorica, Klodiana
245 ## - TITLE STATEMENT
Title Community based tourism :
Statement of responsibility, etc Klodiana Gorica
260 ## -
-- Slovenia :
-- IEDC ;
-- 2008.
300 ## -
-- 103 f. :
-- 21 cm.
505 ## -
-- Literature : f. 98-103
650 #0 -
-- Turizmi
650 #0 -
-- Tregëtia turistike
942 ## - ADDED ENTRY ELEMENTS (KOHA)
Source of classification or shelving scheme
Item type Books
Holdings
Withdrawn status Lost status Source of classification or shelving scheme Damaged status Not for loan Collection code Permanent location Current location Shelving location Date acquired Total Checkouts Full call number Barcode Date last seen Koha item type
          Koleksioni i përgjithshem UBT - Prishtine UBT - Prishtine Koleksioni i përgjithshem 11/12/2013   338.48 (496.6)(091) GOR 001-000341 11/12/2013 Books
UBT Library © 2015-2024. All rights reserved University Education for Business and Technology